What on earth am i here for? (Record no. 4479)
[ view plain ]
| 000 -LEADER | |
|---|---|
| fixed length control field | 00356nam a22001457a 4500 |
| 008 - FIXED-LENGTH DATA ELEMENTS--GENERAL INFORMATION | |
| fixed length control field | 250915b |||||||| |||| 00| 0 eng d |
| 020 ## - INTERNATIONAL STANDARD BOOK NUMBER | |
| ISBN | 9780310310335511 |
| 100 ## - MAIN ENTRY--AUTHOR | |
| Author | Warren Rick |
| 245 ## - TITLE STATEMENT | |
| Title | What on earth am i here for? |
| 260 ## - PUBLICATION, DISTRIBUTION, ETC. (IMPRINT) | |
| Place of publication | Michigan |
| Name of publisher | Zondervan |
| Date of publication | 2002 |
| 300 ## - COLLATION | |
| Pagination | vii,368p. |
| 650 ## - TRACINGS | |
| Main Subject | christian |
| 942 ## - ADDED ENTRY ELEMENTS (KOHA) | |
| Item type | Books |
| 050 ## - LIBRARY OF CONGRESS CALL NUMBER | |
| Classification number | BV401.3 |
| Item number | .W37 |
| Source of classification or shelving scheme | Not for loan | Permanent location | Current location | Date acquired | Accession No. | Full call number | Barcode. | Koha item type |
|---|---|---|---|---|---|---|---|---|
| Library of Congress Classification | Samuel Ogbemudia Main Library, University of Abuja | Samuel Ogbemudia Main Library, University of Abuja | 09/15/2025 | 2025/65478 | BV401.3.W37 | 2025-3263 | Books |